<?xml version="1.0" encoding="UTF-8"?><?xml-stylesheet type="text/xsl" href="static/style.xsl"?><OAI-PMH xmlns="http://www.openarchives.org/OAI/2.0/" xmlns:xsi="http://www.w3.org/2001/XMLSchema-instance" xsi:schemaLocation="http://www.openarchives.org/OAI/2.0/ http://www.openarchives.org/OAI/2.0/OAI-PMH.xsd"><responseDate>2026-04-27T08:16:52Z</responseDate><request verb="GetRecord" identifier="oai:uvadoc.uva.es:10324/42665" metadataPrefix="marc">https://uvadoc.uva.es/oai/request</request><GetRecord><record><header><identifier>oai:uvadoc.uva.es:10324/42665</identifier><datestamp>2025-02-21T12:03:51Z</datestamp><setSpec>com_10324_28542</setSpec><setSpec>com_10324_952</setSpec><setSpec>com_10324_894</setSpec><setSpec>col_10324_28543</setSpec></header><metadata><record xmlns="http://www.loc.gov/MARC21/slim" xmlns:doc="http://www.lyncode.com/xoai" xmlns:xsi="http://www.w3.org/2001/XMLSchema-instance" xmlns:dcterms="http://purl.org/dc/terms/" xsi:schemaLocation="http://www.loc.gov/MARC21/slim http://www.loc.gov/standards/marcxml/schema/MARC21slim.xsd">
<leader>00925njm 22002777a 4500</leader>
<datafield tag="042" ind1=" " ind2=" ">
<subfield code="a">dc</subfield>
</datafield>
<datafield tag="720" ind1=" " ind2=" ">
<subfield code="a">Peñas de Frutos, Marconi Nicolás</subfield>
<subfield code="e">author</subfield>
</datafield>
<datafield tag="720" ind1=" " ind2=" ">
<subfield code="a">Vélez Blasco, Andrea</subfield>
<subfield code="e">author</subfield>
</datafield>
<datafield tag="720" ind1=" " ind2=" ">
<subfield code="a">Gioria, Estefania</subfield>
<subfield code="e">author</subfield>
</datafield>
<datafield tag="720" ind1=" " ind2=" ">
<subfield code="a">Espinet Rubio, Pablo</subfield>
<subfield code="e">author</subfield>
</datafield>
<datafield tag="260" ind1=" " ind2=" ">
<subfield code="c">2019</subfield>
</datafield>
<datafield tag="520" ind1=" " ind2=" ">
<subfield code="a">The PEWO phosphines R2P(o-C6H4CH═CHC(O)Ph), R2P(o-C6H2F2CH═CHC(O)Ph), and R2P(o-C6F4CH═CHC(O)Ph) and their P-monodentate complexes trans-[PdCl2(P-monodentate)2] show, in solution and (when available) in the X-ray diffraction structures, an E configuration of the double bond. In contrast, the structures of [PdCl2(P-chelate)] display E and Z configurations. The E/Z isomerization of the latter requires first decoordination of the double bond, which then allows for easy rotation about the electron-deficient double bond. Thus, the E/Z equilibria exist for the free and the P-monodentate complexes as well but are not observed because they are extremely displaced toward the E isomer. Their capture in the form of [PdCl2(P-chelate)], with equilibrium constants on the order Keq ≈ 1–3, allows the two configurations to be observed and isolated. Evaluation of their ability to couple Pf–Pf from cis-[PdPf2(THF)2] (Pf = C6F5) affords values of their ΔG⧧(Pf–Pf)Pd parameters confirming that higher substitution of H by F produces lower coupling barriers and a double bond that is more electron deficient when it is free and more electron withdrawing when it is coordinated.</subfield>
</datafield>
<datafield tag="024" ind2=" " ind1="8">
<subfield code="a">Organometallics,  2019, 38, 24, 4701–4707</subfield>
</datafield>
<datafield tag="024" ind2=" " ind1="8">
<subfield code="a">0276-7333</subfield>
</datafield>
<datafield tag="024" ind2=" " ind1="8">
<subfield code="a">http://uvadoc.uva.es/handle/10324/42665</subfield>
</datafield>
<datafield tag="024" ind2=" " ind1="8">
<subfield code="a">10.1021/acs.organomet.9b00679</subfield>
</datafield>
<datafield tag="024" ind2=" " ind1="8">
<subfield code="a">4701</subfield>
</datafield>
<datafield tag="024" ind2=" " ind1="8">
<subfield code="a">24</subfield>
</datafield>
<datafield tag="024" ind2=" " ind1="8">
<subfield code="a">4707</subfield>
</datafield>
<datafield tag="024" ind2=" " ind1="8">
<subfield code="a">Organometallics</subfield>
</datafield>
<datafield tag="024" ind2=" " ind1="8">
<subfield code="a">38</subfield>
</datafield>
<datafield tag="024" ind2=" " ind1="8">
<subfield code="a">1520-6041</subfield>
</datafield>
<datafield tag="245" ind1="0" ind2="0">
<subfield code="a">E–Z Isomerization of Phosphine-Olefin (PEWO-F4) Ligands Revealed upon PdCl2 Capture: Facts and Mechanism</subfield>
</datafield>
</record></metadata></record></GetRecord></OAI-PMH>